000 00443nam a2200169Ia 4500
008 180921t2014 xxu||||| |||| 00| 0 sin d
041 _asin
080 _a801.5
_bPRA
100 _aPrasanna Arachchi, Sujeewa
245 _aඉංග්‍රිසි සර් 06
246 _aIngreesi Sir 06
260 _bMadara Book
_aNugegoda
_c2014
300 _b194p, 21 cm
942 _cBK
999 _c4283
_d4283
003 LK-CoDNM
040 _aLK-CoDNM
_dLK-CoDNM
_eLK-CoDNM